Zakwalifikowane drużyny do fazy pucharowej ligi mistrzów - Statystyki

Ogólne statystyki
  • Ten quiz został rozwiązany 38 razy
  • Średni wynik to 14 z 16
Statystyki odpowiedzi
Punkty Kluby % Poprawnych
12 FC Barcelona
100%
18 Real Madryt
100%
8 PSG
97%
16 Bayern Monachium
94%
18 Manchester City
94%
11 Borussia Dortmund
92%
12 Inter
92%
13 Arsenal
89%
12 FC Porto
89%
10 Napoli
89%
14 Atletico Madryt
83%
9 PSV
83%
12 RB Lipsk
83%
8 Kopenhaga
78%
10 Lazio
64%
12 Real Sociedad
64%
Nie znaleziono quizów pasujących do podanych kryteriów
Rozkład punktacji
Procent ludzi z każdym wynikiem
Percentyl według liczby udzielonych odpowiedzi
Twoja historia wyników
Nie rozwiązałeś tego quizu